| 000 | 00830nas a2200277 4500 | ||
|---|---|---|---|
| 001 | BR7900115 | ||
| 003 | BR-BrBNA | ||
| 005 | 20231205083608.0 | ||
| 007 | ta | ||
| 008 | 230509b bl.|||p| |||| 00| 00por d | ||
| 040 |
_aBR-BrBNA _bpor _cBiblioteca Nacional de Agricultura |
||
| 041 | _a(Pt) | ||
| 072 | _aL30 | ||
| 100 | 1 | _aFonseca, F.A. | |
| 100 | 1 | _aFonseca, J.B. | |
| 100 | 1 | _aSoares, P.R. | |
| 100 | 1 | _aSilva, D.J. da | |
| 245 | 1 |
_aEfeito do uso de milho rico em lisina na reproducao de galinhas legorne brancas [Zea mays] _bParte de tese |
|
| 650 | _aNUTRICAO ANIMAL | ||
| 650 | _aLEGHORN | ||
| 650 | _aMILHO | ||
| 650 | _aREPRODUCAO ANIMAL | ||
| 773 | 0 |
_tRevista Ceres (Brazil) _xISSN 0034-737X _g(Mar 1978), v. 25(138) p. 114-126 _wBR7900115 |
|
| 909 |
_a202311 _bLúcia _c55 _dLúcia Elande |
||
| 942 |
_2AGRIS _n0 _cANA |
||
| 999 |
_c99930 _d99930 |
||